Význam distribučných činností v podmienkach globalizácie obchodovania bakalárska práca

Na minha lista:
Detalhes bibliográficos
Autor principal: Čičalová, Martina
Autor Corporativo: Obchodná fakulta EU. Katedra marketingu
Outros Autores: Oláh, Ľuboš
Formato: Livro
Idioma:eslovaco
Publicado em: Bratislava 2013
Tags: Adicionar Tag
Sem tags, seja o primeiro a adicionar uma tag!

MARC

LEADER 00000nbm a2200000 4500
001 0171192
005 20161109112022.3
041 0 |a slo 
044 |a SK 
245 1 0 |a Význam distribučných činností v podmienkach globalizácie obchodovania  |b bakalárska práca  |c Martina Čičalová ; školiteľ: Ľuboš Oláh 
264 1 |a Bratislava  |c 2013 
300 |a 45 s. 
100 1 |a Čičalová, Martina 
700 1 |a Oláh, Ľuboš 
710 2 |a Obchodná fakulta EU. Katedra marketingu